000 00870nas a2200301 4500
001 BR2012000809
003 BR-BrBNA
005 20231205120112.0
007 ta
008 230509b bl.|||p| |||| 00| 00por d
040 _aBR-BrBNA
_bpor
_cBiblioteca Nacional de Agricultura
041 _a(Pt)
072 _aL70; L73
100 1 _aZanutto, M. de S.
100 1 _aAlmeida, M.A.O.
100 1 _aJunquilho, A.B.
100 1 _aSilva, M.S.A. da
100 1 _aSilveira, R.X.
100 1 _aFatal, P.L.
245 1 _aUso do Endal Gatos no tratamento da platinossomíase felina
650 _aGATO
650 _aDOENÇA ANIMAL
650 _aTRATAMENTO
650 _aMEDICAMENTO
773 0 _tA Hora Veterinária (Brazil)
_xISSN 0101-9163
_g(Jan-Feb 2012), v. 31(185) p. 13-17
_wBR2012000809
909 _a202311
_bLúcia
_c55
_dLúcia Elande
942 _2AGRIS
_n0
_cANA
999 _c217064
_d217064